000 00505nam a2200217Ia 4500
003 0100
008 130307s9999 xx 000 0 und d
020 _a0582484227
040 _cARRUPELIB
050 _aPN94.L6 1972
245 _a20th century literary criticism
245 _ba reader.
260 _aLondon
260 _bLongman
260 _c1972
300 _axx
300 _b683 p. 24 cm.
650 _bGreat Britain Parliament--History
700 _aLodge, David (ed.)
942 0 0 _01
999 _c102071
_d102071